BEFORE THE COFFEE GETS COLD (Record no. 8810)
[ view plain ]
| 000 -LEADER | |
|---|---|
| fixed length control field | 00660nam a22001457a 4500 |
| 082 ## - DEWEY DECIMAL CLASSIFICATION NUMBER | |
| Classification number | 823 |
| Item number | KAW/B |
| 100 ## - MAIN ENTRY--AUTHOR NAME | |
| Personal name | KAWAGUCHI, TOSHIKAZU |
| 245 ## - TITLE STATEMENT | |
| Title | BEFORE THE COFFEE GETS COLD |
| 246 ## - VARYING FORM OF TITLE | |
| Title proper/short title | BEFORE THE COFFEE GETS COLD |
| Remainder of title | BEFORE THE COFFEE GETS COLD |
| 260 ## - PUBLICATION, DISTRIBUTION, ETC. (IMPRINT) | |
| Place of publication | LONDON |
| Name of publisher | PICADOR |
| Year of publication | 2019 |
| 300 ## - PHYSICAL DESCRIPTION | |
| Number of Pages | 213 |
| 520 ## - SUMMARY, ETC. | |
| Summary, etc | As the characters embark on their journeys, the narrative explores themes such as love, regret, second chances, and the impact of choices on one's life. The time constraint until the coffee gets cold adds urgency to the characters' experiences, emphasizing the fleeting opportunity to change the past |
| 650 ## - SUBJECT ADDED ENTRY--TOPICAL TERM | |
| Topical Term | ENGLISH FICTION |
| 942 ## - ADDED ENTRY ELEMENTS (KOHA) | |
| Koha item type | Books |
| Withdrawn status | Lost status | Collection code | Home library | Current library | Shelving location | Date acquired | Source of acquisition | Cost, normal purchase price | Full call number | Accession Number | Koha item type |
|---|---|---|---|---|---|---|---|---|---|---|---|
| Fiction | Main Library | Main Library | NEW SHELF WITH NEW ENTRY | 07/03/2024 | PURCHASED | 550.00 | 823 KAW/B | 13568 | Books |